[Event "Nordic School-chT"]
[Site "Helsinki"]
[Date "2013.09.15"]
[Round "5.10"]
[White "Aaltonen, Visa"]
[Black "Hasager, Mads Henneberg"]
[Result "0-1"]
[WhiteElo "1354"]
[BlackElo "1526"]
[PlyCount "86"]
[EventDate "2013.09.13"]
[EventType "team-tourn"]
[EventRounds "5"]
[EventCountry "FIN"]
[SourceTitle "EXT 2022"]
[Source "ChessBase"]
[SourceDate "2021.10.06"]
[SourceVersion "1"]
[SourceVersionDate "2021.10.06"]
[SourceQuality "1"]
[WhiteTeam "Espoo Meritorin"]
[BlackTeam "Hinnerup"]
[WhiteTeamCountry "FIN"]
[BlackTeamCountry "DEN"]

1. c4 c5 2. Nc3 Nc6 3. g3 g6 4. Bg2 Bg7 5. e3 Nf6 6. Nge2 d6 7. a3 Bf5 8. 0-0 Rb8 9. d4 cxd4 10. exd4 0-0 11. Bf4 Nh5 12. Be3 Qd7 13. Qd2 Na5 14. Qd1 Nxc4 15. b3 Nxe3 16. fxe3 Rfc8 17. Nd5 Bc2 18. Qe1 Bxb3 19. Qf2 Bxd5 20. Bxd5 e6 21. Bf3 Nf6 22. Nf4 e5 23. Nd5 exd4 24. exd4 Nxd5 25. Bxd5 Rc7 26. Rae1 Rf8 27. Re4 Qa4 28. Rf4 Qd7 29. h4 Bh6 30. Rf6 Qe7 31. Rf3 Rc1 32. Rxc1 Bxc1 33. g4 Kg7 34. h5 Bg5 35. Kg2 Bh4 36. Qf1 Qc7 37. Kh3 Bg5 38. Kg3 f6 39. Rf2 Re8 40. Kg2 Bh4 41. Rb2 b6 42. Kh3 Qc3+ 43. Kxh4 g5# 0-1

[Event "Nordic School-chT"]
[Site "Helsinki"]
[Date "2013.09.14"]
[Round "3.2"]
[White "Aaltonen, Visa"]
[Black "Fossan, Aleksander"]
[Result "0-1"]
[WhiteElo "1354"]
[BlackElo "1259"]
[PlyCount "122"]
[EventDate "2013.09.13"]
[EventType "team-tourn"]
[EventRounds "5"]
[EventCountry "FIN"]
[SourceTitle "EXT 2022"]
[Source "ChessBase"]
[SourceDate "2021.10.06"]
[SourceVersion "1"]
[SourceVersionDate "2021.10.06"]
[SourceQuality "1"]
[WhiteTeam "Espoo Meritorin"]
[BlackTeam "Stavanger Lassa Skola"]
[WhiteTeamCountry "FIN"]
[BlackTeamCountry "NOR"]

1. c4 c5 2. Nc3 Nc6 3. g3 g6 4. Bg2 Bg7 5. e3 e6 6. Nge2 Nge7 7. 0-0 0-0 8. Qc2 b6 9. b3 d5 10. d3 Bb7 11. Bb2 dxc4 12. dxc4 Nb4 13. Qb1 Bxg2 14. Kxg2 a6 15. a3 Nbc6 16. Na4 Qc7 17. Bxg7 Kxg7 18. Nf4 Qb7 19. Qe4 e5 20. Nd3 f5 21. Qh4 Nd4+ 22. f3 Nxf3 23. Rxf3 e4 24. Rf2 exd3+ 25. Kg1 Nc6 26. Rd2 Ne5 27. Rf1 Nf3+ 28. Rxf3 Qxf3 29. Rxd3 Qb7 30. Nxb6 Qxb6 31. Qf4 Qe6 32. Qc7+ Rf7 33. Qxc5 Rd7 34. Rxd7+ Qxd7 35. Qe5+ Kg8 36. Kg2 Qb7+ 37. Kh3 Qe4 38. Qf4 Qxf4 39. exf4 Kf7 40. Kh4 h6 41. g4 fxg4 42. Kxg4 Rd8 43. h4 Rd3 44. f5 Rxb3 45. fxg6+ Kxg6 46. h5+ Kf6 47. Kf4 Rxa3 48. Ke4 Rc3 49. Kd4 Rxc4+ 50. Kxc4 Kg5 51. Kb4 Kxh5 52. Ka5 Kg4 53. Kxa6 h5 54. Kb5 h4 55. Kc4 h3 56. Kd3 h2 57. Ke2 h1Q 58. Kf2 Qf3+ 59. Kg1 Qe2 60. Kh1 Kg3 61. Kg1 Qd1# 0-1

[Event "Nordic School-chT"]
[Site "Helsinki"]
[Date "2013.09.14"]
[Round "4.10"]
[White "Steinthorsson, Felix"]
[Black "Aaltonen, Visa"]
[Result "1-0"]
[WhiteElo "1513"]
[BlackElo "1354"]
[PlyCount "93"]
[EventDate "2013.09.13"]
[EventType "team-tourn"]
[EventRounds "5"]
[EventCountry "FIN"]
[SourceTitle "EXT 2022"]
[Source "ChessBase"]
[SourceDate "2021.10.06"]
[SourceVersion "1"]
[SourceVersionDate "2021.10.06"]
[SourceQuality "1"]
[WhiteTeam "Kopavogur Alfholsskoli"]
[BlackTeam "Espoo Meritorin"]
[WhiteTeamCountry "ISL"]
[BlackTeamCountry "FIN"]

1. d4 d5 2. c4 Nf6 3. Nf3 e6 4. Nc3 Nc6 5. Bg5 Be7 6. e3 0-0 7. Bd3 b6 8. cxd5 exd5 9. 0-0 Bg4 10. Bb5 Bd7 11. Bxf6 Bxf6 12. Nxd5 a6 13. Nxf6+ Qxf6 14. Bxc6 Bxc6 15. Ne5 Rfd8 16. Qg4 Rd5 17. Nxc6 Qxc6 18. Qf3 Rad8 19. Rac1 Qd7 20. Rc3 Rc8 21. g3 a5 22. Rfc1 g6 23. Rc6 Rd6 24. R6c3 Rd5 25. Kg2 Kg7 26. Rxc7 Rxc7 27. Rxc7 Qxc7 28. Qxd5 Kf8 29. e4 Ke7 30. Qe5+ Qxe5 31. dxe5 Ke6 32. f4 g5 33. Kf3 f6 34. exf6 Kxf6 35. Ke3 h6 36. Kd4 gxf4 37. gxf4 Ke7 38. Kd5 Kd7 39. e5 h5 40. f5 h4 41. e6+ Ke7 42. Ke5 h3 43. f6+ Ke8 44. e7 Kf7 45. Kd6 Ke8 46. Ke6 b5 47. f7# 1-0